| 000 | 00828nas a2200277 4500 | ||
|---|---|---|---|
| 001 | BR2011005697 | ||
| 003 | BR-BrBNA | ||
| 005 | 20231205115641.0 | ||
| 007 | ta | ||
| 008 | 230509b bl.|||p| |||| 00| 00por d | ||
| 040 |
_aBR-BrBNA _bpor _cBiblioteca Nacional de Agricultura |
||
| 041 | _a(Pt) | ||
| 072 | _aN20 | ||
| 100 | 1 | _aTosin, R.C. | |
| 100 | 1 | _aLanças, K.P. | |
| 100 | 1 | _aAraujo, J.A.B. | |
| 245 | 1 | _aAvaliação do ruído no posto de trabalho em dois tratores agrícolas | |
| 650 | _aMÁQUINA AGRÍCOLA | ||
| 650 | _aFATORES ERGONÔMICOS | ||
| 650 | _aPRESSÃO | ||
| 650 | _aTRABALHADOR RURAL | ||
| 650 | _aQUALIDADE DE VIDA | ||
| 773 | 0 |
_tEnergia na Agricultura (Brazil) _xISSN 1808-8759 _g(2009), v. 24(4) p. 108-118 _wBR2011005697 |
|
| 909 |
_a202311 _bLúcia _c55 _dLúcia Elande |
||
| 942 |
_2AGRIS _n0 _cANA |
||
| 999 |
_c215030 _d215030 |
||